MARC details
| 000 -CABECERA |
| campo de control de longitud fija |
02232cam a22003014a 4500 |
| 001 - NÚMERO DE CONTROL |
| campo de control |
991106493023606196 |
| 005 - FECHA Y HORA DE LA ÚLTIMA TRANSACCIÓN |
| campo de control |
20250321174602.0 |
| 008 - DATOS DE LONGITUD FIJA--INFORMACIÓN GENERAL |
| campo de control de longitud fija |
011005s2002 maua b 001 0 eng |
| 010 ## - NÚMERO DE CONTROL DE LA BIBLIOTECA DEL CONGRESO |
| Número de control de LC |
2001054432 |
| 020 ## - NÚMERO INTERNACIONAL ESTÁNDAR DEL LIBRO |
| Número Internacional Estándar del Libro |
9780071121149 |
| 035 ## - NÚMERO DE CONTROL DEL SISTEMA |
| Número de control de sistema |
(UTL)6637411-01utoronto_inst |
| 035 ## - NÚMERO DE CONTROL DEL SISTEMA |
| Número de control de sistema |
(SIRSI)6637411 |
| 035 ## - NÚMERO DE CONTROL DEL SISTEMA |
| Número de control de sistema |
(OCoLC)48131802 |
| 040 ## - FUENTE DE LA CATALOGACIÓN |
| Centro catalogador/agencia de origen |
DLC |
| Centro/agencia transcriptor |
DLC |
| Centro/agencia modificador |
DLC |
| 041 ## - CÓDIGO DE LENGUA |
| Código de lengua del texto/banda sonora o título independiente |
eng |
| 042 ## - CÃDIGO DE AUTENTICACIÃN |
| Código de autenticación |
pcc |
| 050 00 - SIGNATURA TOPOGRÁFICA DE LA BIBLIOTECA DEL CONGRESO |
| Número de clasificación |
HF5549.5.E45 |
| Número de documento/Ítem |
E93 2002 |
| 100 ## - ENTRADA PRINCIPAL--NOMBRE DE PERSONA |
| Nombre de persona |
Evans, Paul |
| Fechas asociadas al nombre |
1943- |
| 9 (RLIN) |
24979 |
| Término indicativo de función/relación |
author |
| 245 14 - MENCIÓN DE TÍTULO |
| Título |
The global challenge |
| Resto del título |
: frameworks for international human resource management |
| Mención de responsabilidad, etc. |
/ Paul Evans, Vladimir Pucik, Jean-Louis Barsoux. |
| 260 ## - PUBLICACIÓN, DISTRIBUCIÓN, ETC. |
| Lugar de publicación, distribución, etc. |
Boston, MA : |
| Nombre del editor, distribuidor, etc. |
McGraw-Hill, |
| Fecha de publicación, distribución, etc. |
2002. |
| 300 ## - DESCRIPCIÓN FÍSICA |
| Extensión |
xx, 554 pages : |
| Otras características físicas |
illustration ; |
| Dimensiones |
23 cm. |
| 504 ## - NOTA DE BIBLIOGRAFÍA, ETC. |
| Nota de bibliografía, etc. |
Includes bibliographical references (p. 499-534) and indexes. |
| 520 ## - SUMARIO, ETC. |
| Sumario, etc. |
Through its focus on human resource management and organization, this book provides a broad guide on how to manage the process of internationalization, with a particular focus on the transnational firm. The authors discuss the people implications of traditional strategies for internationalization and how such strategies get executed through human resource management (HRM). They discuss such topics as how to manage expatriates from the parent country; how to go about adapting management practices to circumstances abroad; how to localize management; how to recognize and ultimately avoid obstacles in joint ventures; how to expand across borders through acquisitions; how to respond to the contradictory pressures of the transnational firm, where HRM has a critical role to play in enabling managers to resolve these paradoxes in innovative ways; and how global competition is changing the nature of management and organization, even for firms operating in domestic markets. The book draws on practical examples from companies that have experienced the real challenges of international HRM. The authors carefully balance these real business applications with a wide scope of academic research. |
| 650 #0 - PUNTO DE ACCESO ADICIONAL DE MATERIA--TÉRMINO DE MATERIA |
| Término de materia o nombre geográfico como elemento de entrada |
International business enterprises |
| Subdivisión general |
Personnel management |
| 9 (RLIN) |
10084 |
| 700 ## - ENTRADA AGREGADA--NOMBRE PERSONAL |
| Nombre de persona |
Pucik, Vladimir |
| 9 (RLIN) |
24980 |
| Término indicativo de función/relación |
author |
| 700 ## - ENTRADA AGREGADA--NOMBRE PERSONAL |
| Nombre de persona |
Barsoux, Jean-Louis |
| 9 (RLIN) |
21321 |
| Término indicativo de función/relación |
author |
| 942 ## - ELEMENTOS DE ENTRADA AGREGADA (KOHA) |
| Fuente del sistema de clasificación o colocación |
Clasificación de Library of Congress |